Ipswich Town League Players Since 2014 - Statistics

General Stats
  • This quiz has been taken 28 times
  • The average score is 139 of 323
Answer Stats
% Correct
2023/24 (Championship - 2nd) England LB 24 Leif Davis 43 2
89%
2022/23 (League One - 2nd) England LB 22 Leif Davis 43 3
89%
2023/24 (Championship - 2nd) Egypt CM 32 Sam Morsy 42 2
89%
2022/23 (League One - 2nd) Egypt CM 30 Sam Morsy 44 4
89%
2021/22 (League One - 11th) Egypt CM 29 Sam Morsy 34 3
89%
2023/24 (Championship - 2nd) Australia CB 28 Cameron Burgess 39 2
84%
2022/23 (League One - 2nd) Australia CB 26 Cameron Burgess 33 2
84%
2021/22 (League One - 11th) Australia CB 25 Cameron Burgess 21
84%
2023/24 (Championship - 2nd) England RB 23 Harry Clarke 35 1
84%
2022/23 (League One - 2nd) England RB 21 Harry Clarke 20
84%
2014/15 (Championship - 6th) England CB 17 Matt Clarke 4
84%
2023/24 (Championship - 2nd) Wales LW 26 Nathan Broadhead 38 13
84%
2022/23 (League One - 2nd) Wales LW 24 Nathan Broadhead 19 8
84%
2023/24 (Championship - 2nd) Jamaica RW 20 Omari Hutchinson 44 10
84%
2023/24 (Championship - 2nd) Wales RM 29 Wes Burns 35 6
84%
2022/23 (League One - 2nd) Wales RM 27 Wes Burns 42 8
84%
2021/22 (League One - 11th) Wales RM 26 Wes Burns 37 12
84%
2023/24 (Championship - 2nd) England SS 27 Conor Chaplin 44 13
79%
2022/23 (League One - 2nd) England SS 25 Conor Chaplin 45 26
79%
2021/22 (League One - 11th) England SS 24 Conor Chaplin 39 9
79%
2023/24 (Championship - 2nd) Ireland CM 25 Jack Taylor 33 2
79%
2023/24 (Championship - 2nd) England CB 25 Luke Woolfenden 41 1
79%
2022/23 (League One - 2nd) England CB 23 Luke Woolfenden 41 2
79%
2021/22 (League One - 11th) England CB 22 Luke Woolfenden 31
79%
2020/21 (League One - 9th) England CB 21 Luke Woolfenden 25 1
79%
2019/20 (League One - 11th) England CB 20 Luke Woolfenden 31 1
79%
2018/19 (Championship - 24th) England CB 19 Luke Woolfenden 1
79%
2017/18 (Championship - 12th) England CB 18 Luke Woolfenden 2
79%
2023/24 (Championship - 2nd) Australia CM 31 Massimo Luongo 43 3
79%
2022/23 (League One - 2nd) Australia CM 29 Massimo Luongo 15 2
79%
2023/24 (Championship - 2nd) Czech Republic GK 33 Vaclav Hladky 46
79%
2022/23 (League One - 2nd) Czech Republic GK 31 Vaclav Hladky 1
79%
2021/22 (League One - 11th) Czech Republic GK 30 Vaclav Hladky 12
79%
2023/24 (Championship - 2nd) England DM 28 Dominic Ball 10
74%
2022/23 (League One - 2nd) England DM 26 Dominic Ball 16
74%
2023/24 (Championship - 2nd) England ST 25 George Hirst 26 7
74%
2022/23 (League One - 2nd) England ST 23 George Hirst 21 6
74%
2023/24 (Championship - 2nd) St. Lucia RB 30 Janoi Donacien 3
74%
2022/23 (League One - 2nd) St. Lucia RB 28 Janoi Donacien 38
74%
2021/22 (League One - 11th) St. Lucia RB 27 Janoi Donacien 43
74%
2019/20 (League One - 11th) St. Lucia RB 25 Janoi Donacien 13
74%
2018/19 (Championship - 24th) St. Lucia RB 24 Janoi Donacien 10
74%
2023/24 (Championship - 2nd) Ecuador LW 21 Jeremy Sarmiento 20 3
74%
2023/24 (Championship - 2nd) England ST 30 Kayden Jackson 29 3
74%
2022/23 (League One - 2nd) England ST 28 Kayden Jackson 38 3
74%
2021/22 (League One - 11th) England ST 27 Kayden Jackson 12 3
74%
2020/21 (League One - 9th) England ST 26 Kayden Jackson 25 1
74%
2019/20 (League One - 11th) England ST 25 Kayden Jackson 32 11
74%
2018/19 (Championship - 24th) England ST 24 Kayden Jackson 36 3
74%
2023/24 (Championship - 2nd) Wales ST 31 Kieffer Moore 18 7
74%
2016/17 (Championship - 16th) Wales ST 23 Kieffer Moore 11
74%
2023/24 (Championship - 2nd) Nigeria RW 35 Sone Aluko 1
74%
2022/23 (League One - 2nd) Nigeria RW 33 Sone Aluko 14
74%
2021/22 (League One - 11th) Nigeria RW 32 Sone Aluko 30 3
74%
2016/17 (Championship - 16th) England CB 30 Steven Taylor 3
74%
2023/24 (Championship - 2nd) Iraq ST 22 Ali Al-Hamadi 14 4
68%
2023/24 (Championship - 2nd) England CB 26 Axel Tuanzebe 18
68%
2023/24 (Championship - 2nd) England GK 28 Christian Walton 1
68%
2022/23 (League One - 2nd) England GK 26 Christian Walton 46
68%
2021/22 (League One - 11th) England GK 25 Christian Walton 34
68%
2016/17 (Championship - 16th) Ireland ST 33 Daryl Murphy 4
68%
2015/16 (Championship - 7th) Ireland ST 32 Daryl Murphy 34 10
68%
2014/15 (Championship - 6th) Ireland ST 31 Daryl Murphy 44 27
68%
2023/24 (Championship - 2nd) Wales CM 29 Lee Evans 2
68%
2022/23 (League One - 2nd) Wales CM 27 Lee Evans 23 3
68%
2021/22 (League One - 11th) Wales CM 26 Lee Evans 27 3
68%
2020/21 (League One - 9th) England CB 34 Luke Chambers 39 2
68%
2019/20 (League One - 11th) England CB 33 Luke Chambers 31 1
68%
2018/19 (Championship - 24th) England CB 32 Luke Chambers 43
68%
2017/18 (Championship - 12th) England CB 31 Luke Chambers 37 1
68%
2016/17 (Championship - 16th) England CB 30 Luke Chambers 46 4
68%
2015/16 (Championship - 7th) England CB 29 Luke Chambers 45 3
68%
2014/15 (Championship - 6th) England CB 28 Luke Chambers 45 1
68%
2023/24 (Championship - 2nd) Ireland LW 28 Marcus Harness 34 4
68%
2022/23 (League One - 2nd) Ireland LW 26 Marcus Harness 40 6
68%
2017/18 (Championship - 12th) New Zealand CB 27 Tommy Smith 3
68%
2016/17 (Championship - 16th) New Zealand CB 26 Tommy Smith 10
68%
2015/16 (Championship - 7th) New Zealand CB 25 Tommy Smith 45 2
68%
2014/15 (Championship - 6th) New Zealand CB 24 Tommy Smith 42 4
68%
2018/19 (Championship - 24th) Poland GK 30 Bartosz Bialkowski 28
63%
2017/18 (Championship - 12th) Poland GK 29 Bartosz Bialkowski 45
63%
2016/17 (Championship - 16th) Poland GK 28 Bartosz Bialkowski 44
63%
2015/16 (Championship - 7th) Poland GK 27 Bartosz Bialkowski 20
63%
2014/15 (Championship - 6th) Poland GK 26 Bartosz Bialkowski 31
63%
2021/22 (League One - 11th) Kosovo AM 24 Bersant Celina 32 6
63%
2017/18 (Championship - 12th) Kosovo AM 20 Bersant Celina 35 7
63%
2023/24 (Championship - 2nd) England LB 23 Brandon Williams 15 2
63%
2023/24 (Championship - 2nd) England CB 26 George Edmundson 10
63%
2022/23 (League One - 2nd) England CB 24 George Edmundson 18 2
63%
2021/22 (League One - 11th) England CB 23 George Edmundson 32 2
63%
2023/24 (Championship - 2nd) Jamaica LB 29 Greg Leigh 1
63%
2022/23 (League One - 2nd) Jamaica LB 27 Greg Leigh 14
63%
2020/21 (League One - 9th) Wales RW 27 Gwion Edwards 36 6
63%
2019/20 (League One - 11th) Wales RW 26 Gwion Edwards 27 2
63%
2018/19 (Championship - 24th) Wales RW 25 Gwion Edwards 33 6
63%
2016/17 (Championship - 16th) Wales AM 22 Jonny Williams 8
63%
2014/15 (Championship - 6th) Wales AM 20 Jonny Williams 7 1
63%
2022/23 (League One - 2nd) England LW 24 Kyle Edwards 32 3
63%
2021/22 (League One - 11th) England LW 23 Kyle Edwards 18
63%
2022/23 (League One - 2nd) Guinea-Bissau CM 25 Panutche Camara 1
63%
2016/17 (Championship - 16th) Scotland CB 31 Christophe Berra 44 2
58%
2015/16 (Championship - 7th) Scotland CB 30 Christophe Berra 43 1
58%
2014/15 (Championship - 6th) Scotland CB 29 Christophe Berra 45 6
58%
2017/18 (Championship - 12th) Ireland ST 29 David McGoldrick 22 6
58%
2016/17 (Championship - 16th) Ireland ST 28 David McGoldrick 30 5
58%
2015/16 (Championship - 7th) Ireland ST 27 David McGoldrick 24 4
58%
2014/15 (Championship - 6th) Ireland ST 26 David McGoldrick 26 7
58%
2023/24 (Championship - 2nd) England ST 31 Freddie Ladapo 17 2
58%
2022/23 (League One - 2nd) England ST 29 Freddie Ladapo 46 17
58%
2021/22 (League One - 11th) Zimbabwe ST 25 Macauley Bonne 43 12
58%
2023/24 (Championship - 2nd) England CM 20 Cameron Humphreys 3
53%
2022/23 (League One - 2nd) England CM 18 Cameron Humphreys 17 2
53%
2021/22 (League One - 11th) England CM 17 Cameron Humphreys 2
53%
2020/21 (League One - 9th) England DM 21 Flynn Downes 24
53%
2019/20 (League One - 11th) England DM 20 Flynn Downes 29 2
53%
2018/19 (Championship - 24th) England DM 19 Flynn Downes 29 1
53%
2017/18 (Championship - 12th) England DM 18 Flynn Downes 10
53%
2015/16 (Championship - 7th) Norway LB 26 Jonathan Parr 9 1
53%
2014/15 (Championship - 6th) Norway LB 25 Jonathan Parr 31 2
53%
2023/24 (Championship - 2nd) England DM 26 Lewis Travis 9
53%
2022/23 (League One - 2nd) Ireland CB 35 Richard Keogh 9
53%
2014/15 (Championship - 6th) England CB 21 Tyrone Mings 40 1
53%
2020/21 (League One - 9th) England DM 34 Cole Skuse 4
47%
2019/20 (League One - 11th) England DM 33 Cole Skuse 29
47%
2018/19 (Championship - 24th) England DM 32 Cole Skuse 34
47%
2017/18 (Championship - 12th) England CM 31 Cole Skuse 39 1
47%
2016/17 (Championship - 16th) England DM 30 Cole Skuse 40
47%
2015/16 (Championship - 7th) England DM 29 Cole Skuse 39
47%
2014/15 (Championship - 6th) England DM 28 Cole Skuse 40 1
47%
2020/21 (League One - 9th) England SS 30 Freddie Sears 26 1
47%
2019/20 (League One - 11th) England SS 29 Freddie Sears 11 1
47%
2018/19 (Championship - 24th) England SS 28 Freddie Sears 24 6
47%
2017/18 (Championship - 12th) England SS 27 Freddie Sears 36 2
47%
2016/17 (Championship - 16th) England SS 26 Freddie Sears 40 7
47%
2015/16 (Championship - 7th) England SS 25 Freddie Sears 45 6
47%
2014/15 (Championship - 6th) England SS 24 Freddie Sears 21 9
47%
2018/19 (Championship - 24th) Denmark LB 25 Jonas Knudsen 28
47%
2017/18 (Championship - 12th) Denmark LB 24 Jonas Knudsen 42 1
47%
2016/17 (Championship - 16th) Denmark LB 23 Jonas Knudsen 36 2
47%
2015/16 (Championship - 7th) Denmark LB 22 Jonas Knudsen 42 1
47%
2017/18 (Championship - 12th) Mauritius CM 28 Kevin Bru 9
47%
2016/17 (Championship - 16th) Mauritius CM 27 Kevin Bru 26 1
47%
2015/16 (Championship - 7th) Mauritius CM 26 Kevin Bru 28 2
47%
2014/15 (Championship - 6th) Mauritius CM 25 Kevin Bru 31 1
47%
2020/21 (League One - 9th) Czech Republic GK 28 Tomas Holy 36
47%
2019/20 (League One - 11th) Czech Republic GK 27 Tomas Holy 21
47%
2020/21 (League One - 9th) Ireland CM 31 Alan Judge 34 4
42%
2019/20 (League One - 11th) Ireland CM 30 Alan Judge 30 3
42%
2018/19 (Championship - 24th) Ireland CM 29 Alan Judge 19
42%
2020/21 (League One - 9th) England CM 21 Andre Dozzell 43
42%
2019/20 (League One - 11th) England CM 20 Andre Dozzell 10
42%
2018/19 (Championship - 24th) England CM 19 Andre Dozzell 19 1
42%
2017/18 (Championship - 12th) England CM 18 Andre Dozzell 1
42%
2016/17 (Championship - 16th) England CM 17 Andre Dozzell 6
42%
2015/16 (Championship - 7th) England CM 16 Andre Dozzell 2 1
42%
2016/17 (Championship - 16th) Jersey ST 28 Brett Pitman 22 4
42%
2015/16 (Championship - 7th) Jersey ST 27 Brett Pitman 42 10
42%
2014/15 (Championship - 6th) New Zealand ST 22 Chris Wood 8
42%
2023/24 (Championship - 2nd) England ST 20 Dane Scarlett 12
42%
2021/22 (League One - 11th) Indonesia CB 18 Elkan Baggott 2
42%
2022/23 (League One - 2nd) Morocco ST 21 Gassan Ahadme 6
42%
2017/18 (Championship - 12th) England ST 29 Joe Garner 32 10
42%
2014/15 (Championship - 6th) Ireland ST 31 Noel Hunt 11 3
42%
2015/16 (Championship - 7th) Scotland LW 21 Ryan Fraser 18 4
42%
2021/22 (League One - 11th) Scotland AM 26 Scott Fraser 15 1
42%
2014/15 (Championship - 6th) Ireland LM 32 Stephen Hunt 17
42%
2021/22 (League One - 11th) DR Congo CB 29 Aristote Nsiala 11
37%
2020/21 (League One - 9th) DR Congo CB 28 Aristote Nsiala 27
37%
2019/20 (League One - 11th) DR Congo CB 27 Aristote Nsiala 3
37%
2018/19 (Championship - 24th) DR Congo CB 26 Aristote Nsiala 22 1
37%
2021/22 (League One - 11th) Albania LW 20 Armando Dobra 2
37%
2020/21 (League One - 9th) Albania LW 19 Armando Dobra 17
37%
2019/20 (League One - 11th) Albania LW 18 Armando Dobra 3
37%
2023/24 (Championship - 2nd) England ST 18 Gerrard Buabo 1
37%
2021/22 (League One - 11th) Tunisia CM 20 Idris El Mizouni 5
37%
2019/20 (League One - 11th) Tunisia CM 18 Idris El Mizouni 3
37%
2018/19 (Championship - 24th) Tunisia CM 17 Idris El Mizouni 4
37%
2021/22 (League One - 11th) England ST 30 James Norwood 23 6
37%
2020/21 (League One - 9th) England ST 29 James Norwood 26 9
37%
2019/20 (League One - 11th) England ST 28 James Norwood 28 11
37%
2017/18 (Championship - 12th) England ST 27 Martyn Waghorn 44 16
37%
2014/15 (Championship - 6th) England RM 25 Paul Anderson 35 1
37%
2020/21 (League One - 9th) Ireland LB 34 Stephen Ward 30
37%
2020/21 (League One - 9th) England CM 23 Teddy Bishop 36 4
37%
2019/20 (League One - 11th) England CM 22 Teddy Bishop 9
37%
2018/19 (Championship - 24th) England CM 21 Teddy Bishop 18
37%
2017/18 (Championship - 12th) England CM 20 Teddy Bishop 4
37%
2016/17 (Championship - 16th) England CM 19 Teddy Bishop 19
37%
2015/16 (Championship - 7th) England CM 18 Teddy Bishop 4
37%
2014/15 (Championship - 6th) England CM 17 Teddy Bishop 33 1
37%
2020/21 (League One - 9th) Ireland ST 18 Troy Parrott 18 2
37%
2018/19 (Championship - 24th) Australia LB 23 Callum Elder 4
32%
2017/18 (Championship - 12th) United States CB 19 Cameron Carter-Vickers 17
32%
2018/19 (Championship - 24th) Germany ST 27 Collin Quaner 16 4
32%
2018/19 (Championship - 24th) England RM 23 Grant Ward 14
32%
2017/18 (Championship - 12th) England RM 22 Grant Ward 37 2
32%
2016/17 (Championship - 16th) England RM 21 Grant Ward 43 6
32%
2020/21 (League One - 9th) Wales CB 31 James Wilson 17 2
32%
2019/20 (League One - 11th) Wales CB 30 James Wilson 23
32%
2014/15 (Championship - 6th) Ireland LM 30 Jay Tabb 40 2
32%
2017/18 (Championship - 12th) Gambia LW 28 Mustapha Carayol 8 1
32%
2020/21 (League One - 9th) England LB 23 Myles Kenlock 21
32%
2019/20 (League One - 11th) England LB 22 Myles Kenlock 9
32%
2018/19 (Championship - 24th) England LB 21 Myles Kenlock 19
32%
2017/18 (Championship - 12th) England LB 20 Myles Kenlock 16
32%
2016/17 (Championship - 16th) England LB 19 Myles Kenlock 18
32%
2015/16 (Championship - 7th) England LB 18 Myles Kenlock 2
32%
2016/17 (Championship - 16th) Wales LW 22 Tom Lawrence 34 9
32%
2019/20 (League One - 11th) Ireland ST 26 Will Keane 23 3
32%
2018/19 (Championship - 24th) Ireland ST 25 Will Keane 11 3
32%
2019/20 (League One - 11th) England GK 25 Will Norris 15
32%
2017/18 (Championship - 12th) England CB 22 Adam Webster 28
26%
2016/17 (Championship - 16th) England CB 21 Adam Webster 23 1
26%
2020/21 (League One - 9th) Wales GK 29 David Cornell 10
26%
2018/19 (Championship - 24th) England GK 33 Dean Gerken 18
26%
2017/18 (Championship - 12th) England GK 32 Dean Gerken 1
26%
2016/17 (Championship - 16th) England GK 31 Dean Gerken 2
26%
2015/16 (Championship - 7th) England GK 30 Dean Gerken 26
26%
2014/15 (Championship - 6th) England GK 29 Dean Gerken 16
26%
2021/22 (League One - 11th) England LB 20 Dominic Thompson 17
26%
2020/21 (League One - 9th) Wales DM 26 Emyr Huws 9 1
26%
2019/20 (League One - 11th) Wales DM 25 Emyr Huws 17
26%
2017/18 (Championship - 12th) Wales DM 23 Emyr Huws 5
26%
2016/17 (Championship - 16th) Wales DM 22 Emyr Huws 13 3
26%
2018/19 (Championship - 24th) Wales CB 34 James Collins 6
26%
2020/21 (League One - 9th) England CM 28 Jon Nolan 13 3
26%
2019/20 (League One - 11th) England CM 27 Jon Nolan 22 2
26%
2018/19 (Championship - 24th) England CM 26 Jon Nolan 26 3
26%
2018/19 (Championship - 24th) England RB 20 Josh Emmanuel 4
26%
2016/17 (Championship - 16th) England RB 18 Josh Emmanuel 15
26%
2015/16 (Championship - 7th) England RB 17 Josh Emmanuel 4
26%
2022/23 (League One - 2nd) England RB 26 Kane Vincent-Young 18
26%
2021/22 (League One - 11th) England RB 25 Kane Vincent-Young 15
26%
2020/21 (League One - 9th) England RB 24 Kane Vincent-Young 7
26%
2019/20 (League One - 11th) England RB 23 Kane Vincent-Young 9 2
26%
2017/18 (Championship - 12th) England CM 25 Luka Hyam 17
26%
2015/16 (Championship - 7th) England CM 23 Luke Hyam 15
26%
2014/15 (Championship - 6th) England CM 22 Luke Hyam 16 1
26%
2016/17 (Championship - 16th) France DM 29 Toumani Diagouraga 12
26%
2020/21 (League One - 9th) England ST 18 Tyreece Simpson 1
26%
2019/20 (League One - 11th) England ST 17 Tyreece Simpson 3
26%
2020/21 (League One - 9th) England RW 20 Jack Lankester 17 2
21%
2018/19 (Championship - 24th) England RW 18 Jack Lankester 11 1
21%
2018/19 (Championship - 24th) England RB 20 James Bree 14
21%
2016/17 (Championship - 16th) Ireland CM 34 Jonathan Douglas 21
21%
2015/16 (Championship - 7th) Ireland CM 33 Jonathan Douglas 38 3
21%
2020/21 (League One - 9th) England RW 21 Luke Thomas 5
21%
2020/21 (League One - 9th) Ireland CB 19 Mark McGuinness 24 1
21%
2020/21 (League One - 9th) England ST 28 Oliver Hawkins 20 1
21%
2015/16 (Championship - 7th) Poland CB 23 Piotr Malarczyk 3
21%
2018/19 (Championship - 24th) England CB 18 Trevoh Chalobah 43 2
21%
2022/23 (League One - 2nd) England ST 21 Tyreece John-Jules 17 3
21%
2015/16 (Championship - 7th) England RM 17 Ainsley Maitland-Niles 30 1
16%
2019/20 (League One - 11th) Cyprus LM 22 Anthony Georgiou 10
16%
2021/22 (League One - 11th) England LB 20 Bailey Clements 4
16%
2014/15 (Championship - 6th) Hungary ST 23 Balint Bajner 5
16%
2017/18 (Championship - 12th) Ireland RB 18 Barry Cotter 2
16%
2019/20 (League One - 11th) England LW 27 Danny Rowe 14 1
16%
2018/19 (Championship - 24th) England LW 26 Danny Rowe 3
16%
2017/18 (Championship - 12th) England LW 25 Danny Rowe 2
16%
2016/17 (Championship - 16th) England LW 24 Danny Rowe 3
16%
2021/22 (League One - 11th) England ST 27 Joe Pigott 22 2
16%
2018/19 (Championship - 24th) Ireland RW 34 Jonathan Walters 3
16%
2018/19 (Championship - 24th) England RW 23 Jordan Graham 4
16%
2018/19 (Championship - 24th) England RB 28 Jordan Spence 17
16%
2017/18 (Championship - 12th) England RB 27 Jordan Spence 40 4
16%
2016/17 (Championship - 16th) England RB 26 Jordan Spence 17
16%
2020/21 (League One - 9th) England AM 24 Josh Harrop 15
16%
2015/16 (Championship - 7th) Guinea RW 30 Larsen Toure 7
16%
2016/17 (Championship - 16th) Ireland ST 29 Leon Best 11
16%
2015/16 (Championship - 7th) England RM 28 Liam Feeney 9 1
16%
2020/21 (League One - 9th) England CM 17 Liam Gibbs 1
16%
2016/17 (Championship - 16th) England ST 33 Luke Varney 15 3
16%
2015/16 (Championship - 7th) England ST 32 Luke Varney 18 1
16%
2014/15 (Championship - 6th) England ST 31 Luke Varney 10 1
16%
2018/19 (Championship - 24th) England CB 23 Matthew Pennington 30 1
16%
2021/22 (League One - 11th) England LB 23 Matt Penney 22 1
16%
2021/22 (League One - 11th) England CM 21 Rekeem Harper 13
16%
2017/18 (Championship - 12th) Ireland CM 28 Stephen Gleeson 10
16%
2018/19 (Championship - 24th) England LB 20 Tayo Edun 6 1
16%
2015/16 (Championship - 7th) Australia LW 23 Tommy Oar 6
16%
2021/22 (League One - 11th) England DM 22 Tyreeq Bakinson 17 2
16%
2020/21 (League One - 9th) Ireland ST 22 Aaron Drinan 22 1
11%
2018/19 (Championship - 24th) England ST 18 Ben Morris 1
11%
2017/18 (Championship - 12th) England ST 17 Ben Morris 3
11%
2016/17 (Championship - 16th) England CM 21 Conor Grant 6
11%
2014/15 (Championship - 6th) England LM 30 Darren Ambrose 6
11%
2017/18 (Championship - 12th) England CB 22 Dominic Iorfa 23 1
11%
2014/15 (Championship - 6th) Wales RB 20 Elliott Hewitt 3
11%
2018/19 (Championship - 24th) Wales ST 24 Ellis Harrison 16 1
11%
2021/22 (League One - 11th) England LB 23 Hayden Coulson 6
11%
2019/20 (League One - 11th) England LM 25 Jordan Roberts 1
11%
2018/19 (Championship - 24th) England LM 24 Jordan Roberts 12
11%
2019/20 (League One - 11th) England LB 20 Josh Earl 7
11%
2020/21 (League One - 9th) England LB 21 Keanan Bennetts 28 1
11%
2015/16 (Championship - 7th) Ireland RB 30 Kevin Foley 8
11%
2020/21 (League One - 9th) England RB 17 Luke Matheson 2
11%
2016/17 (Championship - 16th) England DM 21 Paul Digby 4
11%
2015/16 (Championship - 7th) England DM 20 Paul Digby 4
11%
2018/19 (Championship - 24th) Jamaica LW 30 Simon Dawkins 2
11%
2020/21 (League One - 9th) England CM 20 Tristan Nydam 1
11%
2018/19 (Championship - 24th) England CM 18 Tristan Nydam 1
11%
2017/18 (Championship - 12th) England CM 17 Tristan Nydam 18
11%
2017/18 (Championship - 12th) Ireland CM 20 Adam McDonnell 1
5%
2015/16 (Championship - 7th) Ireland CM 18 Adam McDonnell 1
5%
2014/15 (Championship - 6th) England LM 20 Alex Henshall 4
5%
2017/18 (Championship - 12th) Australia RW 18 Ben Folami 4
5%
2015/16 (Championship - 7th) England LM 25 Ben Pringle 10 2
5%
2020/21 (League One - 9th) England DM 20 Brett McGavin 5
5%
2019/20 (League One - 11th) England DM 19 Brett McGavin 1
5%
2017/18 (Championship - 12th) England DM 19 Callum Connolly 34 4
5%
2014/15 (Championship - 6th) Ireland ST 27 Conor Sammon 19 1
5%
2016/17 (Championship - 16th) England ST 22 Dominic Samuel 6
5%
2014/15 (Championship - 6th) England ST 22 Frank Nouble 1
5%
2015/16 (Championship - 7th) England CM 29 Giles Coke 10
5%
2021/22 (League One - 11th) England ST 18 Louie Barry 2
5%
2019/20 (League One - 11th) England LB 26 Luke Garbutt 28 5
5%
2017/18 (Championship - 12th) Ireland RB 20 Shane McLoughlin 1
5%
2021/22 (League One - 11th) England CM 29 Tom Carroll 14
5%
2014/15 (Championship - 6th) England LB 21 Zeki Fryers 3
5%
2014/15 (Championship - 6th) England CM 25 Anthony Wordsworth 1
0%
2014/15 (Championship - 6th) England CM 29 Richard Chaplow 6 1
0%
2017/18 (Championship - 12th) England CM 25 Tom Adeyemi 5
0%
No matching quizzes found
Score Distribution
Percent of People with Each Score
Percentile by Number Answered
Your Score History
You have not taken this quiz